[Event "Druzynowe Mistrzostwa Polski Juniorow - I Liga 2023"]
[Site "Lublin"]
[Date "1899-12-30"]
[Round "8.58"]
[White "Koziel, Leon"]
[Black "Markowski, Tymon"]
[Result "0-1"]
[WhiteTitle "III"]
[BlackTitle "II"]
[WhiteElo "1008"]
[BlackElo "1329"]

1. Nf3 e6 2. e4 d5 3. exd5 exd5 4. d4 Nf6 5. c4 Bb4+ 6. Bd2 Bxd2+ 7. Nbxd2 O-O
8. Be2 Bf5 9. O-O Nc6 10. c5 Re8 11. Nb3 Re7 12. Bd3 Bg4 13. h3 Bh5 14. g4 Bg6
15. Bxg6 hxg6 16. Re1 Ne4 17. Nfd2 Ng5 18. Kg2 Qd7 19. Rxe7 Qxe7 20. Nf3 Re8 21.
Nxg5 Qxg5 22. Qc1 Qxc1 23. Rxc1 Re4 24. Rd1 Re2 25. Rd2 Rxd2 26. Nxd2 Nxd4 27.
Nf3 Nxf3 28. Kxf3 c6 29. b4 f6 30. Ke3 g5 31. a4 a6 32. f4 gxf4+ 33. Kxf4 g5+
34. Ke3 Kf7 35. Kd3 Ke6 36. Kd4 f5 37. gxf5+ Kxf5 38. b5 Kf4 39. b6 a5 40. Kd3
Ke5 41. Ke3 d4+ 42. Kf3 Kd5 43. Kg4 Kxc5 44. Kxg5 d3 45. h4 d2 46. h5 d1=Q 47.
h6 Qc1+ 48. Kg6 Kxb6 49. h7 Qb1+ 50. Kg7 Qxh7+ 51. Kxh7 c5 52. Kg7 c4 53. Kf7
c3 54. Ke7 c2 55. Kd7 c1=Q 56. Kd6 Qe3 57. Kd5 Kc7 0-1

[Event "Druzynowe Mistrzostwa Polski Juniorow - I Liga 2023"]
[Site "Lublin"]
[Date "1899-12-30"]
[Round "8.59"]
[White "Bialek, Alicja"]
[Black "Giemza, Julia"]
[Result "1-0"]
[WhiteTitle "I"]
[BlackTitle "I+"]
[WhiteElo "1503"]
[BlackElo "1577"]

1. e4 c5 2. Nf3 e6 3. d4 cxd4 4. Nxd4 Nc6 5. Nc3 Qc7 6. g3 a6 7. Bg2 b5 8. O-O
Bb7 9. Re1 Bc5 10. Be3 d6 11. a4 b4 12. Nce2 Nge7 13. c3 Ne5 14. Nf4 N7g6 15.
cxb4 Bxb4 16. Re2 Qd7 17. Qb3 Ba5 18. h3 O-O 19. Rd1 Rab8 20. Qa2 Rfc8 21. Nb3
Bb4 22. Nxg6 Nxg6 23. Bd2 Rc2 24. Nd4 Rxd2 25. Rexd2 Bxd2 26. Rxd2 Ne7 27. b4
d5 28. b5 axb5 29. axb5 Ra8 30. Qb2 Rb8 31. exd5 exd5 32. Qa3 Ra8 33. Qb4 h6 34.
Re2 Nc8 35. Qc5 Ra1+ 36. Kh2 Rb1 37. Nc6 Rxb5 38. Qxb5 Bxc6 39. Qc5 Qd6 40. Qd4
Ne7 41. Qb6 Ng6 42. Re8+ Kh7 43. Rd8 Qe6 44. Qc5 Ne7 45. Rd6 Qc8 46. Qc2+ Kg8
47. f4 Qa8 48. f5 Qa4 49. Qc5 Kh7 50. f6 Nf5 51. Rxc6 Qb3 52. Qc3 1-0

[Event "Druzynowe Mistrzostwa Polski Juniorow - I Liga 2023"]
[Site "Lublin"]
[Date "1899-12-30"]
[Round "8.60"]
[White "Opala, Natalia"]
[Black "Gajda, Anna"]
[Result "1-0"]
[WhiteTitle "I"]
[BlackTitle "I"]
[WhiteElo "1202"]
[BlackElo "1243"]

1. e4 e5 2. Nf3 Nf6 3. Nxe5 d6 4. Nf3 Nxe4 5. d4 d5 6. Bd3 Bd6 7. c4 c6 8. Nc3
Nxc3 9. bxc3 dxc4 10. Bxc4 Bg4 11. Qe2+ Qe7 12. Qxe7+ Bxe7 13. Ne5 Bh5 14. g4
Bg6 15. Nxg6 hxg6 16. Bf4 Nd7 17. O-O Kf8 18. Kg2 Rd8 19. Bc7 Rc8 20. Bg3 Nb6
21. Bb3 a5 22. Rab1 a4 23. Bxf7 Nd5 24. Be6 Rd8 25. Bxd5 Rxd5 26. Rxb7 Kf7 27.
f4 Re8 28. Re1 Kf8 29. Bf2 Rdd8 30. Ra7 a3 31. c4 Bd6 32. Rxe8+ Rxe8 33. c5 Bxf4
34. Rxa3 Rd8 35. Rf3 g5 36. Be3 Kg8 37. Bxf4 gxf4 38. Rxf4 Ra8 39. Kf3 Rxa2 40.
h4 Ra7 41. g5 Re7 42. g6 Re6 43. h5 Re7 44. Re4 Kf8 45. Kf4 Rxe4+ 46. Kxe4 Ke7
1-0

[Event "Druzynowe Mistrzostwa Polski Juniorow - I Liga 2023"]
[Site "Lublin"]
[Date "1899-12-30"]
[Round "9.1"]
[White "Wydmanski, Szymon"]
[Black "Jedraszek, Pawel"]
[Result "0-1"]
[WhiteTitle "I"]
[BlackTitle "I++"]
[WhiteElo "1804"]
[BlackElo "2057"]

1. d4 Nf6 2. Nc3 c5 3. d5 d6 4. e4 g6 5. Nf3 Bg7 6. h3 O-O 7. Bd3 e6 8. O-O exd5
9. exd5 Na6 10. Nd2 Nc7 11. Qf3 b6 12. Nc4 b5 13. Nxd6 Qxd6 14. Bf4 Qb6 15. Bxc7
Qxc7 16. d6 Qb8 17. Nxb5 a6 18. Nc7 Ra7 19. Qc6 Nd7 20. Rfe1 Be5 21. Rad1 Bxd6
22. Nxa6 Qb6 23. Qxb6 Nxb6 24. Bb5 Bxa6 25. Bxa6 Bb8 26. Bb5 Rxa2 27. Rb1 Rd8
28. c4 Bd6 29. Red1 Be7 30. Rxd8+ Bxd8 31. b4 Be7 32. bxc5 Bxc5 33. Rf1 Rc2 34.
g4 Nxc4 35. Bxc4 Rxc4 36. Kg2 g5 37. Kg3 Rc3+ 38. Kg2 Rc2 39. Kg3 Kg7 40. Kf3
Kf6 41. Kg3 Rc3+ 42. Kg2 Ke5 43. Re1+ Kf4 44. Re2 Rb3 45. Rc2 Bd4 46. Rd2 Rb4
47. Rd3 Ke4 48. Rf3 f6 49. Rf5 Rb3 50. Ra5 Rb2 51. Rf5 h5 52. Kg3 Rxf2 0-1

[Event "Druzynowe Mistrzostwa Polski Juniorow - I Liga 2023"]
[Site "Lublin"]
[Date "1899-12-30"]
[Round "9.2"]
[White "Ugorek, Kacper"]
[Black "Krupinski, Mikolaj"]
[Result "1-0"]
[WhiteTitle "I"]
[BlackTitle "I"]
[WhiteElo "1846"]
[BlackElo "1745"]

1. Nf3 d5 2. g3 g6 3. Bg2 Bg7 4. O-O Nf6 5. c4 O-O 6. cxd5 Nxd5 7. d4 c6 8. e4
Nc7 9. Nc3 Bg4 10. Be3 e5 11. dxe5 Qxd1 12. Rfxd1 Bxf3 13. Bxf3 Bxe5 14. Bg2 Nba6
15. f4 Bxc3 16. bxc3 Ne6 17. Rab1 Nec5 18. e5 Rfd8 19. Bf1 b6 20. Rd4 Kf8 21.
Rbd1 Ke7 22. Bg2 Ne6 23. R4d2 Rac8 24. Rd6 Rc7 25. f5 gxf5 26. Rxd8 Nxd8 27. Bg5+
Ke6 28. Rd6+ Kxe5 29. Bf4# 1-0

[Event "Druzynowe Mistrzostwa Polski Juniorow - I Liga 2023"]
[Site "Lublin"]
[Date "1899-12-30"]
[Round "9.3"]
[White "Kania, Franciszek"]
[Black "Dobosiewicz, Dawid"]
[Result "0-1"]
[WhiteTitle "I"]
[BlackTitle "I+"]
[WhiteElo "1831"]
[BlackElo "1808"]

1. d4 Nf6 2. Nc3 d5 3. Bf4 Bf5 4. e3 a6 5. f3 e6 6. g4 Bg6 7. h4 h5 8. g5 Ng8 9.
Bd3 Ne7 10. Nge2 Bxd3 11. Qxd3 Ng6 12. Bg3 Bd6 13. O-O-O c5 14. dxc5 Bxg3 15.
Nxg3 Qc7 16. f4 Qxc5 17. Qe2 Nc6 18. f5 Nge5 19. fxe6 fxe6 20. Nxh5 O-O-O 21.
Nxg7 Nc4 22. Na4 Qe7 23. b3 Qxg7 24. bxc4 Qa1+ 25. Kd2 dxc4+ 26. Ke1 Rxd1+ 27.
Qxd1 Qxa2 28. Qd6 Qxa4 29. Qxe6+ Kb8 30. Qf6 Rd8 31. Rh2 Qb4+ 32. Kf2 Rf8 0-1

[Event "Druzynowe Mistrzostwa Polski Juniorow - I Liga 2023"]
[Site "Lublin"]
[Date "1899-12-30"]
[Round "9.4"]
[White "Goralski, Mateusz"]
[Black "Gruca, Karol"]
[Result "1/2-1/2"]
[WhiteTitle "II"]
[BlackTitle "II+"]
[WhiteElo "1353"]
[BlackElo "1484"]

1. c4 c5 2. g3 Nc6 3. Bg2 g6 4. Nc3 Bg7 5. e3 d6 6. Nge2 e5 7. O-O Nge7 8. a3 O-O
9. Rb1 Be6 10. Nd5 Rb8 11. Nec3 f5 12. d3 Qd7 13. Bd2 Kh8 14. b4 b6 15. b5 Nd8
16. a4 g5 17. Nxe7 Qxe7 18. Nd5 Bxd5 19. Bxd5 Ne6 20. a5 Nc7 21. Bg2 Qf7 22. Qb3
f4 23. f3 Ne6 24. e4 Nd4 25. Qd1 h5 26. Bc3 Rbe8 27. Bxd4 exd4 28. g4 hxg4 29.
fxg4 Be5 30. Qf3 Kg7 31. a6 Rh8 32. Rbc1 Rh4 33. h3 Reh8 34. Kf2 Kg6 35. Ke2 R8h6
36. Rc2 Qh7 37. Rh1 Kf6 1/2-1/2

[Event "Druzynowe Mistrzostwa Polski Juniorow - I Liga 2023"]
[Site "Lublin"]
[Date "1899-12-30"]
[Round "9.6"]
[White "Skorupa, Antonina"]
[Black "Branka, Julia"]
[Result "0-1"]
[WhiteTitle "I"]
[BlackTitle "I"]
[WhiteElo "1203"]
[BlackElo "1433"]

1. c4 b6 2. Nc3 Bb7 3. d4 Nf6 4. Bf4 e6 5. a3 d5 6. Nb5 Na6 7. cxd5 Nxd5 8. Bg3
c6 9. Nc3 Nxc3 10. bxc3 Be7 11. Nf3 O-O 12. e3 c5 13. Be2 Nc7 14. O-O Nd5 15.
Qb3 Rc8 16. Rfc1 Bf6 17. Ne5 Bxe5 18. Bxe5 Qg5 19. Bf3 c4 20. Qb2 Ba8 21. Bg3
f5 22. Qb5 Qg6 23. Qd7 Rcd8 24. Qb5 f4 25. exf4 Nxf4 26. Bxf4 Bxf3 27. Qg5 Bxg2
28. Qxg6 hxg6 29. Bc7 Rd7 30. Bxb6 Bd5 31. Bc5 Rf5 32. Rab1 Rdf7 33. Rb8+ Kh7
34. Rc2 Be4 35. Re2 Rg5+ 36. Kf1 Bd3 37. Ke1 Bxe2 38. Kxe2 Rg2 39. d5 exd5 40.
Rd8 Rxh2 41. Rxd5 Rh5 42. Rxh5+ gxh5 43. Kf1 g5 44. Kg2 a6 45. Kg3 g4 46. Kh4
Kg6 47. Be3 Rf3 48. a4 Rh3# 0-1

[Event "Druzynowe Mistrzostwa Polski Juniorow - I Liga 2023"]
[Site "Lublin"]
[Date "1899-12-30"]
[Round "9.7"]
[White "Kaliszuk, Kamil"]
[Black "Malinowski, Szymon"]
[Result "1-0"]
[WhiteTitle "k"]
[BlackTitle "I++"]
[WhiteElo "2249"]
[BlackElo "1951"]

1. e4 Nf6 2. e5 Nd5 3. d4 d6 4. c4 Nb6 5. exd6 cxd6 6. Nc3 g6 7. h4 h5 8. Bd3 Nc6
9. Nge2 Bg7 10. Be3 O-O 11. a3 Re8 12. Kf1 e5 13. d5 Ne7 14. a4 Nf5 15. Bg5 f6
16. Bc1 Bd7 17. b3 Nc8 18. Qc2 Nce7 19. Ba3 Rc8 20. Rd1 a5 21. Qb1 Qb6 22. Ne4
Rf8 23. c5 dxc5 24. d6 Nc6 25. Nxc5 Rcd8 26. Bc4+ Kh7 27. g4 Nfd4 28. Nxd7 Rxd7
29. gxh5 f5 30. hxg6+ Kxg6 31. Nxd4 Nxd4 32. Qd3 Kh7 33. Rg1 Qd8 34. Qg3 Qf6 35.
h5 Kh8 36. Qh3 Qh6 37. Rg6 Qh7 38. Bc5 Rf6 39. Rxf6 Bxf6 40. h6 Qg6 41. Rd3 Qg5
42. Rg3 Qc1+ 43. Kg2 Qf4 44. Qh5 Qe4+ 45. f3 Qc2+ 46. Kh3 f4 47. Qe8+ Kh7 48.
Qxd7+ Kxh6 49. Bxd4 fxg3 50. Be3+ 1-0

[Event "Druzynowe Mistrzostwa Polski Juniorow - I Liga 2023"]
[Site "Lublin"]
[Date "1899-12-30"]
[Round "9.8"]
[White "Trzebinski, Patryk"]
[Black "Czernecki, Andrzej"]
[Result "0-1"]
[WhiteTitle "I++"]
[BlackTitle "I"]
[WhiteElo "1934"]
[BlackElo "1796"]

1. e4 c5 2. Nf3 d6 3. d4 cxd4 4. Qxd4 Nc6 5. Bb5 Bd7 6. Bxc6 Bxc6 7. Nc3 Nf6 8.
Bg5 e6 9. O-O-O Be7 10. Qd3 O-O 11. Nd4 Qa5 12. f4 Rfe8 13. Kb1 Rac8 14. h4 b5
15. Bxf6 Bxf6 16. g4 b4 17. Nce2 Bb7 18. g5 Ba6 19. Qh3 Be7 20. h5 Bxe2 21. Nxe2
Rc4 22. Ng3 Rec8 23. Rh2 Qc5 24. Qg2 Qe3 25. Qf2 Qxf2 26. Rxf2 Kf8 27. f5 Ke8
28. f6 gxf6 29. gxf6 Bf8 30. b3 Rc3 31. Ne2 Rxc2 32. Rg2 R2c5 33. Nf4 Re5 34.
Rd4 d5 35. exd5 Re1+ 36. Kb2 e5 37. Nd3 Re3 38. Rc4 Rxc4 39. bxc4 Rxd3 40. Rg5
Rf3 41. Rg8 Rc3 42. Rh8 h6 43. d6 Rxc4 44. d7+ Kxd7 45. Rxf8 Ke6 46. Rh8 Kxf6
47. Rxh6+ Kf5 48. Rh7 Rc7 49. Rg7 Kf6 50. Rg4 a5 0-1

[Event "Druzynowe Mistrzostwa Polski Juniorow - I Liga 2023"]
[Site "Lublin"]
[Date "1899-12-30"]
[Round "9.9"]
[White "Witczak, Borys"]
[Black "Zalewski, Witold"]
[Result "1-0"]
[WhiteTitle "I"]
[BlackTitle "II"]
[WhiteElo "1856"]
[BlackElo "1333"]

1. d4 d5 2. c4 c6 3. cxd5 cxd5 4. Bf4 Nf6 5. e3 Nc6 6. Nc3 a6 7. Be2 e6 8. Nf3
Bd6 9. Bxd6 Qxd6 10. O-O O-O 11. Rc1 Bd7 12. a3 b5 13. Bd3 Na5 14. Ne5 Nc4 15.
Bxc4 bxc4 16. f4 Rfb8 17. Rc2 Be8 18. g4 Nd7 19. g5 Rb3 20. Rf3 Rab8 21. Qe2 Nf8
22. Rh3 Qb6 23. Nd1 Ba4 24. Qh5 Qc7 25. Rg2 R3b7 26. Ng4 Bxd1 27. Nf6+ Kh8 28.
Qxh7+ Ba4 29. Qh5+ Kg8 30. Ng4 1-0

[Event "Druzynowe Mistrzostwa Polski Juniorow - I Liga 2023"]
[Site "Lublin"]
[Date "1899-12-30"]
[Round "9.11"]
[White "Biliak, Viktoria"]
[Black "Skolska, Emilia"]
[Result "1/2-1/2"]
[WhiteTitle "II"]
[BlackTitle "I++"]
[WhiteElo "1612"]
[BlackElo "1689"]

1. e4 e5 2. Nf3 Nc6 3. d4 exd4 4. Nxd4 Bc5 5. Nb3 Bb6 6. Nc3 Nf6 7. Qe2 a5 8. a4
O-O 9. Be3 Bxe3 10. Qxe3 d6 11. O-O-O Ng4 12. Qd2 f5 13. h3 Nh6 14. Bc4+ Kh8 15.
exf5 Qh4 16. Bd5 Rxf5 17. g3 Qd8 18. g4 Rf8 19. f4 Nb4 20. Bg2 Qe8 21. Rde1 Qf7
22. f5 Nc6 23. Nd4 Ne5 24. Bd5 Qd7 25. Nf3 Nxf3 26. Bxf3 Nf7 27. b3 Ne5 28. Bg2
c6 29. Ne4 d5 30. Nc5 Qc7 31. Qc3 Nf7 32. Kb1 Nd6 33. Ne6 Bxe6 34. Rxe6 Ne4 35.
Bxe4 dxe4 36. Rxe4 Rad8 37. Rhe1 Rd7 38. Re8 Rdf7 39. R1e7 Qxe7 40. Rxe7 Rxe7
41. Qxa5 h6 42. Qc3 Rfe8 43. f6 gxf6 44. Qxf6+ Kh7 45. h4 Rg7 46. g5 hxg5 47.
hxg5 Re1+ 48. Kb2 Rg1 49. a5 R1xg5 50. a6 bxa6 51. Qxc6 a5 52. c4 Re7 53. Ka3
Ree5 54. Ka4 Rc5 55. Qd7+ Kg8 56. Qe6+ Kf8 57. b4 axb4 58. Kxb4 Rce5 1/2-1/2

[Event "Druzynowe Mistrzostwa Polski Juniorow - I Liga 2023"]
[Site "Lublin"]
[Date "1899-12-30"]
[Round "9.12"]
[White "Tokarz, Gabriela"]
[Black "Kaminska, Zuzanna"]
[Result "1-0"]
[WhiteTitle "I++"]
[BlackTitle "I"]
[WhiteElo "1549"]
[BlackElo "1312"]

1. d4 d5 2. c4 e6 3. Nc3 c6 4. e4 dxe4 5. Nxe4 Bb4+ 6. Bd2 Qxd4 7. Bxb4 Qxe4+ 8.
Ne2 Na6 9. Bf8 Ne7 10. Bxg7 Rg8 11. Bc3 Nc5 12. Qd4 b6 13. O-O-O Qxd4 14. Bxd4
Nf5 15. Bxc5 bxc5 16. Nc3 Rg4 17. b3 Rd4 18. Bd3 h6 19. Ne4 Nh4 20. Nxc5 Nxg2
21. Be4 Rxe4 22. Nxe4 Nf4 23. Rd2 f5 24. Nc5 a5 25. Rhd1 Ba6 26. Nxa6 Rxa6 27.
Rd8+ Kf7 28. R1d7+ Kg6 29. Rg8+ Kh5 30. Kd2 Ng6 31. Rd6 Ne5 32. Rxe6 Nf3+ 33.
Ke3 Nxh2 34. Kf4 Ng4 35. Rh8 a4 36. f3 axb3 37. fxg4+ fxg4 38. Rhxh6# 1-0

[Event "Druzynowe Mistrzostwa Polski Juniorow - I Liga 2023"]
[Site "Lublin"]
[Date "1899-12-30"]
[Round "9.13"]
[White "Kazmierowski, Tymon"]
[Black "Klim, Filip"]
[Result "0-1"]
[WhiteTitle "I++"]
[BlackTitle "k"]
[WhiteElo "1979"]
[BlackElo "1988"]

1. e4 c5 2. Nf3 d6 3. d4 cxd4 4. Nxd4 Nf6 5. Nc3 a6 6. f3 e5 7. Nb3 Be6 8. Be3
h5 9. Nd5 Bxd5 10. exd5 g6 11. Qd2 Nbd7 12. Na5 Qc7 13. Be2 Bg7 14. O-O e4 15.
f4 Ng4 16. Bxg4 hxg4 17. c4 f5 18. Rac1 b6 19. Nc6 a5 20. Nd4 Nc5 21. Ne6 Nxe6
22. dxe6 Ke7 23. Qd5 Rab8 24. b3 Qc8 25. Rfd1 Qxe6 26. Qb5 Bb2 27. Rc2 Ba3 28.
Rcd2 Rhd8 29. Rd5 Bc5 30. Bxc5 dxc5 31. Re5 Rxd1+ 32. Kf2 Rd2+ 33. Ke1 Rd6 34.
Qa6 Rbd8 35. Qb7+ R8d7 36. Qc8 Rd1+ 37. Ke2 Qxe5 38. fxe5 f4 0-1

[Event "Druzynowe Mistrzostwa Polski Juniorow - I Liga 2023"]
[Site "Lublin"]
[Date "1899-12-30"]
[Round "9.14"]
[White "Bartodziej, Bartosz"]
[Black "Rylski, Tadeusz"]
[Result "1/2-1/2"]
[WhiteTitle "I+"]
[BlackTitle "I+"]
[WhiteElo "1836"]
[BlackElo "1757"]

1. e4 e5 2. Nf3 Nc6 3. Bc4 Bc5 4. c3 Nf6 5. d3 d6 6. Nbd2 a6 7. Bb3 O-O 8. O-O
Ba7 9. h3 h6 10. Re1 Be6 11. Nf1 d5 12. exd5 Nxd5 13. Ng3 Qf6 14. Ne4 Qe7 15.
Qe2 Rae8 16. Bxd5 Bxd5 17. Be3 Bxe3 18. Qxe3 f5 19. Ned2 Kh8 20. a4 e4 21. dxe4
fxe4 22. c4 Bxc4 23. Qxe4 Qxe4 24. Nxe4 Nb4 25. Ned2 Bd5 26. Rxe8 Rxe8 27. Re1
Rxe1+ 28. Nxe1 Kg8 29. f3 Kf7 30. Kf2 Bc6 31. b3 Ke6 32. Ke3 Nd5+ 33. Kd4 Nf4
34. Ke3 Nd5+ 35. Kd4 Ne7 36. Nc2 Nf5+ 37. Kd3 Nh4 38. Ne3 Nf5 39. Nxf5 Kxf5 40.
Ke3 g5 41. a5 b6 42. axb6 cxb6 43. b4 Bd5 44. Kd4 Be6 45. g3 Ba2 46. Nf1 h5 47.
Ne3+ Kf6 48. h4 gxh4 49. gxh4 Bf7 50. f4 a5 51. bxa5 bxa5 52. Kc3 a4 53. Kb4 Bb3
54. Nf1 Kf5 55. Ng3+ Kg4 56. Nxh5 1/2-1/2

[Event "Druzynowe Mistrzostwa Polski Juniorow - I Liga 2023"]
[Site "Lublin"]
[Date "1899-12-30"]
[Round "9.15"]
[White "Terkiewicz, Bruno"]
[Black "Nawalaniec, Adam"]
[Result "1-0"]
[WhiteTitle "I++"]
[BlackTitle "I++"]
[WhiteElo "1873"]
[BlackElo "1926"]

1. d4 Nf6 2. c4 e6 3. Nf3 d5 4. g3 dxc4 5. Bg2 c5 6. O-O Be7 7. Na3 Nc6 8. dxc5
O-O 9. Nxc4 Bxc5 10. a3 Qxd1 11. Rxd1 b5 12. Nfe5 Bb7 13. Nxc6 bxc4 14. Ne7+ Bxe7
15. Bxb7 Rad8 16. Bf4 Nd5 17. Be5 Bf6 18. Bxf6 gxf6 19. Rac1 Rb8 20. Bxd5 exd5
21. Rxd5 Rxb2 22. Rxc4 Rxe2 23. Rc7 a6 24. Ra7 Rc8 25. Rxa6 Kg7 26. Rf5 Ra2 27.
Rfxf6 Rc3 28. a4 Rc4 29. Rf4 Rxf4 30. gxf4 f6 31. Kg2 Ra3 32. f3 Kg6 33. Ra5 Ra1
34. h4 f5 35. Kf2 Ra2+ 36. Ke3 Ra3+ 37. Kf2 Ra1 38. h5+ Kxh5 39. Rxf5+ Kh4 40.
Ra5 Ra2+ 41. Ke3 Ra3+ 42. Ke4 Kg3 43. f5 Rxf3 44. Rd5 Kg4 45. a5 h5 46. a6 Rf4+
47. Ke3 Rf3+ 48. Ke4 Rf4+ 49. Kd3 Kg5 50. Ra5 1-0

[Event "Druzynowe Mistrzostwa Polski Juniorow - I Liga 2023"]
[Site "Lublin"]
[Date "1899-12-30"]
[Round "9.16"]
[White "Klim, Juliusz"]
[Black "Rutkowski, Feliks"]
[Result "1-0"]
[WhiteTitle "I+"]
[BlackTitle "II"]
[WhiteElo "1708"]
[BlackElo "1431"]

1. e4 e5 2. Nf3 Nf6 3. Nxe5 d6 4. Nf3 Nxe4 5. c4 c6 6. d3 Nf6 7. d4 Qc7 8. Bd3
Be7 9. O-O O-O 10. Nc3 Bd7 11. Re1 Re8 12. Bc2 b5 13. cxb5 cxb5 14. Bg5 Qb7 15.
Qd3 g6 16. Rxe7 Rxe7 17. Bxf6 Bf5 18. Qd2 Re6 19. Bxf5 Rxf6 20. Be4 Nc6 21. Nd5
Re6 22. Ng5 1-0

[Event "Druzynowe Mistrzostwa Polski Juniorow - I Liga 2023"]
[Site "Lublin"]
[Date "1899-12-30"]
[Round "9.17"]
[White "Lukasik, Zuzanna"]
[Black "Sprzeczka, Emilia"]
[Result "0-1"]
[WhiteTitle "I++"]
[BlackTitle "I++"]
[WhiteElo "1712"]
[BlackElo "1769"]

1. e4 c5 2. Nf3 d6 3. d4 cxd4 4. Nxd4 Nf6 5. Nc3 g6 6. Be3 Bg7 7. f3 O-O 8. Qd2
Nc6 9. O-O-O d5 10. Kb1 Nxd4 11. e5 Nf5 12. exf6 exf6 13. Bc5 d4 14. Bxf8 Qxf8
15. Nb5 Ne3 16. Rc1 Bh6 17. f4 Bxf4 18. Qxd4 Bh6 19. Qd6 Qxd6 20. Nxd6 Be6 21.
Ne4 f5 22. Nc3 Rd8 23. g3 f4 24. Be2 Bf5 25. Bf3 Nc4 26. g4 Be6 27. Rcd1 Rb8 28.
h3 Ne3 29. Rd3 Bg7 30. Nd5 Nc4 31. Nxf4 Nxb2 32. Nxe6 Nxd3 33. cxd3 fxe6 34. Be4
Rf8 35. Rh2 Rf1+ 36. Kc2 b5 37. a3 Ra1 38. Kb3 a5 39. Bc6 a4+ 40. Kb4 Rb1+ 41.
Ka5 Bc3+ 42. Ka6 b4 43. axb4 a3 44. Ra2 Bxb4 45. Bd7 e5 46. Bc6 Kf7 47. Rf2+ Ke6
48. Bb5 Kd5 49. Rf7 Kd4 50. Rd7+ Kc3 51. Rc7+ Kb2 52. Bc4 a2 53. Bxa2 Kxa2 54.
Rxh7 Rh1 55. Kb5 Kb3 56. Kc6 Kc2 57. Kd5 Bc3 58. Kc4 Bd4 59. Rh6 g5 60. Rh5 Be3
61. Rh6 Kd2 62. Rh5 Bf4 63. Rh8 Rc1+ 64. Kd5 Kxd3 65. Ke6 e4 66. Kf5 Rc5+ 0-1

[Event "Druzynowe Mistrzostwa Polski Juniorow - I Liga 2023"]
[Site "Lublin"]
[Date "1899-12-30"]
[Round "9.18"]
[White "Izafatava, Kira"]
[Black "Siekanska, Zofia"]
[Result "1-0"]
[WhiteTitle "I"]
[BlackTitle "II"]
[WhiteElo "1423"]
[BlackElo "1081"]

1. e4 e5 2. Nf3 Nc6 3. d4 exd4 4. Nxd4 Qf6 5. Nb5 Qd8 6. Bf4 d6 7. N1c3 a6 8. Nd4
Bd7 9. g3 Nf6 10. Bg2 Nxd4 11. Qxd4 Bc6 12. O-O Be7 13. e5 Bxg2 14. exf6 Bxf6
15. Qe3+ Qe7 16. Qxe7+ Kxe7 17. Kxg2 Kd7 18. Rfe1 c6 19. Ne4 Be7 20. Rad1 d5 21.
c4 Rad8 22. cxd5 cxd5 23. Rxd5+ Kc6 24. Rxd8 Rxd8 25. Rc1+ Kd5 26. Rc7 1-0

[Event "Druzynowe Mistrzostwa Polski Juniorow - I Liga 2023"]
[Site "Lublin"]
[Date "1899-12-30"]
[Round "9.19"]
[White "Wieczorek, Mikolaj"]
[Black "Malik, Maciej"]
[Result "1/2-1/2"]
[WhiteTitle "I++"]
[BlackTitle "k"]
[WhiteElo "1962"]
[BlackElo "2045"]

1. e4 c5 2. Nf3 Nc6 3. d4 cxd4 4. Nxd4 e6 5. Nc3 Qc7 6. Be3 a6 7. g4 b5 8. Nxc6
dxc6 9. Qf3 Bd6 10. O-O-O Be5 11. Bc5 Nf6 12. Ne2 Nd7 13. Qe3 Nxc5 14. Qxc5 Bb7
15. Bg2 Rd8 16. Rxd8+ Kxd8 17. Qe3 c5 18. f4 Bf6 19. g5 Be7 20. Qc3 f6 21. Qh3
Qc6 22. gxf6 Bxf6 23. Rg1 e5 24. Nc3 Kc7 25. Nd5+ Kb8 26. f5 Bg5+ 27. Kb1 Qh6
28. Qxh6 Bxh6 29. Rd1 Rd8 30. c4 Bf4 31. cxb5 axb5 1/2-1/2

[Event "Druzynowe Mistrzostwa Polski Juniorow - I Liga 2023"]
[Site "Lublin"]
[Date "1899-12-30"]
[Round "9.20"]
[White "Karut, Kacper"]
[Black "Nagly, Wojciech"]
[Result "1-0"]
[WhiteTitle "I"]
[BlackTitle "I"]
[WhiteElo "1954"]
[BlackElo "1817"]

1. e4 e6 2. d4 d5 3. Nd2 dxe4 4. Nxe4 Nd7 5. Nf3 Ngf6 6. Bg5 Be7 7. Nxf6+ Nxf6
8. Bd3 O-O 9. O-O c5 10. dxc5 Bxc5 11. Qe2 h6 12. Bh4 Be7 13. Ne5 Qd4 14. Bxf6
Bxf6 15. Nc4 Rb8 16. Rad1 Qh4 17. g3 Qh3 18. Qe4 Qf5 19. Qe3 Qh3 20. Qxa7 Bd7
21. Bh7+ Kxh7 22. Rxd7 Qf5 23. Rd3 Qb5 24. b3 Ra8 25. a4 Rxa7 26. axb5 Ra2 27.
Rc1 Bb2 28. Nxb2 Rxb2 29. Rd7 Kg6 30. Rxb7 Rc8 31. b6 Rxb3 32. c4 Rc5 33. Rc7
Rf5 34. b7 Rb2 35. Rf1 Rf3 36. c5 Kf6 37. c6 h5 38. Rxf7+ Kxf7 39. c7 Rxb7 40.
c8=Q Re7 41. Re1 g5 42. Qh8 h4 43. gxh4 gxh4 44. Qh5+ 1-0

[Event "Druzynowe Mistrzostwa Polski Juniorow - I Liga 2023"]
[Site "Lublin"]
[Date "1899-12-30"]
[Round "9.21"]
[White "Gibala, Adam"]
[Black "Pycinski, Wladyslaw"]
[Result "0-1"]
[WhiteTitle "I"]
[BlackTitle "I"]
[WhiteElo "1763"]
[BlackElo "1927"]

1. d4 d5 2. c4 c6 3. Nf3 Nf6 4. Nc3 e6 5. g3 dxc4 6. Bg2 b5 7. O-O Bb7 8. Re1 Be7
9. e4 O-O 10. e5 Nd5 11. Ne4 h6 12. Bd2 Nd7 13. b3 cxb3 14. Qxb3 Qb6 15. Rab1
a6 16. a4 b4 17. Qb2 c5 18. Nd6 Bxd6 19. exd6 a5 20. dxc5 Nxc5 21. Qd4 Qxd6 22.
Ne5 Nd7 23. Nd3 Rac8 24. Rbd1 Qc6 25. Rc1 Qxa4 26. Qh4 Qb5 27. Bf1 Qb6 28. Bh3
N5f6 29. Nf4 Rxc1 30. Bxc1 Ne5 31. Rxe5 Qc6 32. Ng2 Qxc1+ 33. Re1 Qc3 34. Rd1
a4 35. Qd4 Qxd4 36. Rxd4 Bxg2 37. Bxg2 Rb8 38. Bc6 a3 39. Rd1 b3 0-1

[Event "Druzynowe Mistrzostwa Polski Juniorow - I Liga 2023"]
[Site "Lublin"]
[Date "1899-12-30"]
[Round "9.22"]
[White "Tim, Wojciech"]
[Black "Dobrowolski, Kamil"]
[Result "0-1"]
[WhiteTitle "II"]
[BlackTitle "II"]
[WhiteElo "1316"]
[BlackElo "1539"]

1. e4 c5 2. Nc3 d6 3. f4 Nc6 4. Nf3 g6 5. Bc4 Bg7 6. h3 e6 7. O-O Nge7 8. d3 a6
9. a4 O-O 10. Bb3 Bd7 11. Qe1 Nd4 12. Nxd4 cxd4 13. Ne2 Qb6 14. Bd2 Bc6 15. Ba5
Qa7 16. Bb4 Rfd8 17. Qh4 b6 18. Qf2 b5 19. axb5 Bxb5 20. Ng3 Nc6 21. Bd2 Qb7 22.
f5 Bxd3 23. cxd3 Qxb3 24. fxg6 fxg6 25. Rac1 Ne5 26. Rc7 Rf8 27. Qe2 Qxd3 28.
Rxf8+ Rxf8 29. Qxd3 Nxd3 30. Rc6 Be5 31. Nf1 Nxb2 32. Rxa6 Nd3 33. Bh6 Rd8 34.
Nd2 Nc5 35. Rc6 Kf7 36. Nf3 Nxe4 37. Rc7+ Kg8 38. Ng5 Nxg5 39. Bxg5 Rf8 40. Bh6
Re8 41. Kf2 d5 42. Rb7 Rb8 43. Re7 Rb6 44. Re8+ Kf7 45. Ra8 Rb7 46. g4 Bg7 47.
Bg5 h6 48. Bc1 Rd7 49. h4 e5 50. g5 hxg5 51. hxg5 e4 52. Ra4 Rc7 53. Bf4 Rd7 54.
Ke2 Ke6 55. Ra6+ Kf5 56. Bc1 Be5 57. Rb6 Rc7 58. Ba3 Kxg5 59. Rb5 Rd7 0-1

[Event "Druzynowe Mistrzostwa Polski Juniorow - I Liga 2023"]
[Site "Lublin"]
[Date "1899-12-30"]
[Round "9.23"]
[White "Kulczycka, Zofia"]
[Black "Tim, Anna"]
[Result "1-0"]
[WhiteTitle "I+"]
[BlackTitle "I"]
[WhiteElo "1470"]
[BlackElo "1254"]

1. e4 c5 2. Nf3 e6 3. d4 cxd4 4. Nxd4 a6 5. Bd3 b5 6. O-O Qc7 7. a4 b4 8. Be3 Nf6
9. Qe2 Be7 10. f4 d6 11. Kh1 O-O 12. c4 bxc3 13. bxc3 Bb7 14. Bg1 Nbd7 15. c4
Nc5 16. Nd2 Nxd3 17. Qxd3 Rfd8 18. Qe2 Rab8 19. Rae1 e5 20. Nf5 Bf8 21. Qe3 Ba8
22. Qg3 g6 23. Qg5 Bg7 24. Nxg7 Kxg7 25. fxe5 Ne8 26. Bd4 Kg8 27. Rf3 Rd7 28.
Ref1 Rb7 29. e6 Re7 30. exf7+ 1-0

[Event "Druzynowe Mistrzostwa Polski Juniorow - I Liga 2023"]
[Site "Lublin"]
[Date "1899-12-30"]
[Round "9.24"]
[White "Kochanowska, Patrycja"]
[Black "Klintsevich, Aliaksandra"]
[Result "1/2-1/2"]
[WhiteTitle "I+"]
[BlackTitle "I"]
[WhiteElo "1454"]
[BlackElo "1437"]

1. e4 e6 2. d4 d5 3. exd5 exd5 4. Nf3 Bd6 5. h3 Ne7 6. Bd3 Bf5 7. Bg5 Bxd3 8. Qxd3
O-O 9. O-O Nd7 10. Nc3 c6 11. Nd1 Qc7 12. Ne3 h6 13. Bxe7 Bxe7 14. Rfe1 Rfe8 15.
Re2 Nf6 16. Rae1 Ne4 17. Nd2 Nxd2 18. Qxd2 Bg5 19. Qc3 Qd7 20. Qd3 Re6 21. Ng4
Rae8 22. Ne5 Qd6 23. c3 b6 24. Qf5 Qc7 25. Qf3 Bf6 26. Ng4 Bg5 27. Rxe6 Rxe6 28.
Rxe6 fxe6 29. Qe2 Qd6 30. Qa6 Qc7 31. Qa4 Bf6 32. Qc2 Qf7 33. Qa4 Qc7 34. c4 dxc4
35. Qxc4 Qd7 1/2-1/2